000 01847nam a2200385 c 4500
003 BLK
005 20180422103710.0
008 180408b bul|||||r ||||||| ||bul||
010 _aKNG00082392000
020 _a954-8993-52-4
_bиздат.: Фонд. Център Отворено образование
040 _aBLK
041 _aBUL
_cBUL
080 _aОрганизация на възпитанието и образованието. Училищно дело.
_b37.09
_x.035(072)
_z37.09.035(072)
080 _aОрганизация на възпитанието и образованието. Училищно дело.
_b37.09
_x.034(072)
_z37.09.034(072)
700 1 _aВълчев, Румен
_eред.
_9366289
700 1 _aВълчев, Румен
_eпрев.
_9366289
139 _aОснови на демокрацията
_bО 83
245 1 0 _aОснови на демокрацията
_bГорен курс : Кн. на учителя
_cред. Румен Вълчев; прев. Румен Вълчев.
257 _aBGR
260 София
_bФонд. Център Отворено образование
_c2006
300 _a228 с.
_c24 см
380 _a3
500 _aБез сведение за ориг. загл. - Офс. изд.
650 4 _aГражданско образование - методика на преподаването
_9242561
650 4 _aНравствено възпитание - на учениците
_9255899
653 _aгражданско образование
653 _aнравствено възпитание
653 _aметодика на преподаването
653 _aкнига за учителя
852 _aЦб 239039
856 4 _qpdf
_u
856 4 _qpdf
_u
942 _cKNG
_n0
944 _aCR
_c18.03.2008
_kЦветанка_Енчева
944 _aED
_c07.07.2008
_k
999 _c77927
_d77927